000 00318nam a22001337a 4500
008 171215b xxu||||| |||| 00| 0 eng d
020 _a083148199515
041 _aeng
080 _aR 038
100 _a26
101 _aFJA
245 _aNEW WEBSTER'S DICTIONARY AND THESAURUS & MEDICAL DICTIONARY
942 _2udc
_cBK
999 _c38990
_d38990